The Karroo system of the western end of the Luano Valley (Record no. 48570)
[ view plain ]
| 000 -LEADER | |
|---|---|
| fixed length control field | 00845nam a2200205 a 4500 |
| 008 - FIXED-LENGTH DATA ELEMENTS--GENERAL INFORMATION | |
| fixed length control field | 090617s1960 ||||||||||||||||| || u |
| 050 ## - LIBRARY OF CONGRESS CALL NUMBER | |
| Classification number | GOV.ZAM(02)1960/3 |
| 100 ## - MAIN ENTRY--PERSONAL NAME | |
| Personal name | Gair, H. S |
| 245 14 - TITLE STATEMENT | |
| Title | The Karroo system of the western end of the Luano Valley |
| Statement of responsibility, etc. | Ministry of Mines. Geological Survey |
| 260 ## - PUBLICATION, DISTRIBUTION, ETC. | |
| Place of publication, distribution, etc. | Lusaka |
| Name of publisher, distributor, etc. | Government Printer |
| Date of publication, distribution, etc. | 1960 |
| 300 ## - PHYSICAL DESCRIPTION | |
| Extent | iii, 40p.: ill. |
| 350 ## - PRICE (NR) (BK AM CF MU VM SE) [OBSOLETE] | |
| Price | 0.00 |
| 490 ## - SERIES STATEMENT | |
| Series statement | Northern Rhodesia Geological Survey Reports |
| 500 ## - GENERAL NOTE | |
| General note | NRGSR no.6 |
| 650 ## - SUBJECT ADDED ENTRY--TOPICAL TERM | |
| Topical term or geographic name entry element | KARROO SUPERGROUP |
| 650 ## - SUBJECT ADDED ENTRY--TOPICAL TERM | |
| Topical term or geographic name entry element | GEOLOGY--LUANO VALLEY--ZAMBIA |
| 710 ## - ADDED ENTRY--CORPORATE NAME | |
| Corporate name or jurisdiction name as entry element | Government of the Republic of Zambia (GRZ) |
| 710 ## - ADDED ENTRY--CORPORATE NAME | |
| Corporate name or jurisdiction name as entry element | Government of the Republic of Zambia. Ministry of Mines |
| 995 ## - RECOMMENDATION 995 [LOCAL, UNIMARC FRANCE] | |
| -- | 0.00 |
| -- | CBU-MAIN LIBRARY (Kitwe) |
| -- | 1 |
| -- | 0.00 |
| -- | 1 |
| -- | AVAILABLE |
| -- | Jun 17, 2009 |
| -- | Zambiana Collection |
| Withdrawn status | Lost status | Source of classification or shelving scheme | Damaged status | Not for loan | Home library | Current library | Shelving location | Date acquired | Total Checkouts | Full call number | Barcode | Date last seen | Price effective from | Koha item type |
|---|---|---|---|---|---|---|---|---|---|---|---|---|---|---|
| CBU-MAIN LIBRARY, KITWE. | CBU-MAIN LIBRARY, KITWE. | 11/30/2022 | GOV.ZAM(02)1960/3 | 03004149 | 11/30/2022 | 11/30/2022 | MONOGRAPH |